Logo Quiz Level 13 - Statistics

General Stats
  • This quiz has been taken 43 times
  • The average score is 6 of 16
Answer Stats
Picture Answer % Correct
Nvidia
70%
Yves Saint Laurent
63%
Kingston
53%
Namco
43%
Zurich
43%
Neal.fun
40%
Konica Minolta
33%
Onkyo
33%
Sodexo
33%
Symantec
33%
Agip
30%
Porsche
30%
BASF
27%
Eaton
27%
Nasdaq
27%
Nagasaki Broadcasting
23%
No matching quizzes found
Score Distribution
Percent of People with Each Score
Percentile by Number Answered
Your Score History
You have not taken this quiz